000 00937nmm a2200277 a 4500
001 ocm0001520556
003 TR-IsHL
005 20201028162947.0
008 170206s2013 tu tur
007 cr cn
020 _a9786051314617
035 _a1520556
_b(N$T)
050 0 4 _aBF637.N66
_bE23 2013
090 0 4 _aBF637.N66
_bE23 2013
100 1 _aEren, Şadi
245 1 0 _aKur'an ışığında beden dili
_h[electronic resource] /
_cŞadi Eren
260 _aİstanbul :
_bNesil Yayınları,
_c2013
300 _a142 p.
500 _aKaynakça var.
_x
650 4 _aFelsefe, Psikoloji ve Din
650 4 _aPhilosophy, Psychology and Religion
650 0 _aBeden dili
_x İslam dini
650 0 _aBody language
_x Islamic religion
650 7 _aSOCIAL SCIENCE / Body Language & Nonverbal Communication
_2bisacsh
856 4 0 _uhttp://search.ebscohost.com/login.aspx?direct=true&scope=site&db=e011xww&AN=1520556
999 _c15086
_d15086